| 000 | 00669nam a2200241 i 4500 | ||
|---|---|---|---|
| 001 | C2-0246249 | ||
| 003 | PPAK | ||
| 005 | 20180727211040.0 | ||
| 008 | 030323s2001 enka|||| ||||| | eng d | ||
| 020 | _a0903505479 | ||
| 040 |
_aPPAK _beng _cPPAK _erda |
||
| 082 | 0 | 4 |
_a635.933372 _223 |
| 090 | 0 | 0 |
_a635.933372 _bHES _dR |
| 100 | 1 |
_aHessayon, D. G., _eauthor |
|
| 245 | 1 | 4 | _aThe rose expert |
| 264 | 1 |
_aLondon : _bExpert Books , _c2001 |
|
| 300 |
_a144 pages : _bcolour illustrations ; _c24 cm |
||
| 336 |
_2rdacontent _atext |
||
| 337 |
_2rdamedia _aunmediated |
||
| 338 |
_2rdacarrier _avolume |
||
| 650 | 1 | 0 | _aRoses - Varieties ; Rose - Culture |
| 942 |
_ddc _cB |
||
| 999 |
_c60210 _d60210 |
||